000 00824nam a2200229 a 4500
001 BRCA_436
005 20190320203017.0
008 050905s1991----mx-a---###---#000-0#spa-#
041 _aspa
044 _amx
050 4 _aF1391.P8
_b.Q56 1991
100 1 _aVelázquez Thierry, Luz de Lourdes
_91490
245 1 0 _aEl azulejo y su aplicación en la arquitectura poblana
_cLuz de Lourdes Velázquez Thierry.
260 _aPuebla, México
_bGobierno Estatal de Puebla ; Comisión Puebla V Centenario
_c1991
300 _a111 p.
_bil. a color
_c23 cm.
440 0 _aColección V Centenario
_91491
504 _aBibliografía: p. 106-111
650 1 4 _aAzulejo
_xEn la pintura
_zMéxico
_91492
650 1 4 _aAzulejo
_xFabricación
_zPuebla (México)
_91493
650 1 4 _aAzulejo
_xHistoria
_ySiglo XVI-XX
_zPuebla
_91494
942 _2lcc
_cB
999 _c371
_d371